[Event "ISR-ch qual GpB"]
[Site "Kiryat Ono"]
[Date "2015.11.20"]
[Round "6"]
[White "Dovev, Noam"]
[Black "Rozen, Guy"]
[Result "0-1"]
[WhiteElo "1781"]
[BlackElo "1976"]
[PlyCount "51"]
[EventDate "2015.10.16"]
[EventType "tourn"]
[EventRounds "10"]
[EventCountry "ISR"]
[SourceTitle "CBM 170 Extra"]
[Source "ChessBase"]
[SourceDate "2016.02.25"]
[SourceVersion "1"]
[SourceVersionDate "2016.02.25"]
[SourceQuality "1"]

1. d4 d5 2. c4 c6 3. Nf3 Nf6 4. e3 e6 5. Nc3 Nbd7 6. Qc2 Be7 7. Bd3 dxc4 8. Bxc4 b5 9. Bd3 a6 10. e4 h6 11. e5 Nd5 12. Nxd5 cxd5 13. 0-0 Nb6 14. b3 Bd7 15. Qe2 0-0 16. Be3 Qe8 17. Bc2 f5 18. exf6 Bxf6 19. Qd3 Qh5 20. Ne5 Bxe5 21. dxe5 Nc8 22. Bc5 Rf4 23. Qh7+ Kf7 24. Qh8 Nb6 25. Qh7 Rc8 26. Bxb6 0-1

[Event "ISR-ch qual GpB"]
[Site "Kiryat Ono"]
[Date "2015.10.16"]
[Round "1"]
[White "Dovev, Noam"]
[Black "Rozen, Guy"]
[Result "0-1"]
[WhiteElo "1781"]
[BlackElo "1976"]
[PlyCount "100"]
[EventDate "2015.10.16"]
[EventType "tourn"]
[EventRounds "10"]
[EventCountry "ISR"]
[SourceTitle "CBM 170 Extra"]
[Source "ChessBase"]
[SourceDate "2016.02.25"]
[SourceVersion "1"]
[SourceVersionDate "2016.02.25"]
[SourceQuality "1"]

1. e4 c6 2. d4 d5 3. e5 Bf5 4. f4 Nh6 5. h3 e6 6. Nf3 Be7 7. Ng5 c5 8. g4 Be4 9. Nxe4 dxe4 10. Bg2 Bh4+ 11. Ke2 Qd5 12. Nd2 Nc6 13. c3 cxd4 14. Bxe4 d3+ 15. Kf1 Qc5 16. Qf3 Rd8 17. Rh2 0-0 18. Bxd3 f6 19. exf6 Qd6 20. Bc2 gxf6 21. Ne4 Qc7 22. Bb3 Rde8 23. Rg2 Kh8 24. Be3 f5 25. Nc5 fxg4 26. hxg4 Ne5 27. Bd4 Bf6 28. Qxb7 Qxb7 29. Nxb7 Nexg4 30. Bf2 Bg7 31. Nc5 Rxf4 32. Kg1 Nxf2 33. Rxf2 e5 34. Rxf4 exf4 35. Ne6 Be5 36. Rf1 Rg8+ 37. Kf2 Rg3 38. Ke1 Re3+ 39. Kd1 Re4 40. Bc2 Rc4 41. Bb3 Re4 42. Bc2 Rc4 43. Ke2 Ng4 44. Bd3 Ra4 45. a3 Nh2 46. Rh1 f3+ 47. Kf2 Rg4 48. Re1 h5 49. Bb5 a6 50. Bxa6 Bb8 0-1